<?xml version="1.0" encoding="UTF-8"?>
<collection xmlns:xsi="http://www.w3.org/2001/XMLSchema-instance" xsi:schemaLocation="http://www.loc.gov/MARC21/slim http://www.loc.gov/standards/marcxml/schema/MARC21slim.xsd" xmlns="http://www.loc.gov/MARC21/slim">
 <record>
  <leader>00000cam a22000004i 4500</leader>
  <controlfield tag="001">UP-99796217613924724</controlfield>
  <controlfield tag="003">Buklod</controlfield>
  <controlfield tag="005">20230215093127.0</controlfield>
  <controlfield tag="006">a    grb    001 u|</controlfield>
  <controlfield tag="007">ta</controlfield>
  <controlfield tag="008">211210s        xx     d     r    |||| u|</controlfield>
  <datafield tag="035" ind1=" " ind2=" ">
   <subfield code="a">(iLib)UPD-00533071884</subfield>
  </datafield>
  <datafield tag="040" ind1=" " ind2=" ">
   <subfield code="a">DENG</subfield>
   <subfield code="e">rda</subfield>
  </datafield>
  <datafield tag="041" ind1=" " ind2=" ">
   <subfield code="a">eng</subfield>
  </datafield>
  <datafield tag="090" ind1=" " ind2=" ">
   <subfield code="a">T 62</subfield>
   <subfield code="b">C64 1994</subfield>
  </datafield>
  <datafield tag="111" ind1="2" ind2=" ">
   <subfield code="a">Conference on Engineering Education</subfield>
   <subfield code="c">Papua New Guinea)</subfield>
   <subfield code="d">(1994</subfield>
  </datafield>
  <datafield tag="245" ind1="1" ind2="0">
   <subfield code="a">Achievements and challenges</subfield>
   <subfield code="b">proceedings of the fourth Triennial Conference of AEESEAP, 13-16 November 1994, PNG University of Technology, Papua New Guinea</subfield>
   <subfield code="c">G. E. Hancock, C.C. Mwaba, editors.</subfield>
  </datafield>
  <datafield tag="264" ind1=" " ind2="1">
   <subfield code="a">[Papua New Guinea]</subfield>
   <subfield code="b">[Association for Engineering Education in Southeast Asia and the Pacific]</subfield>
   <subfield code="c">[1994]</subfield>
  </datafield>
  <datafield tag="300" ind1=" " ind2=" ">
   <subfield code="a">1 volume (various pagings)</subfield>
   <subfield code="b">illustrations</subfield>
   <subfield code="c">30 cm</subfield>
  </datafield>
  <datafield tag="500" ind1=" " ind2=" ">
   <subfield code="a">At head of title: AEESEAP, Association for Engineering Education in Southeast Asia and the Pacific.</subfield>
  </datafield>
  <datafield tag="650" ind1=" " ind2="0">
   <subfield code="a">Engineering</subfield>
   <subfield code="x">Study and teaching</subfield>
   <subfield code="v">Congresses.</subfield>
  </datafield>
  <datafield tag="650" ind1=" " ind2="0">
   <subfield code="a">Engineering</subfield>
   <subfield code="x">Study and teaching</subfield>
   <subfield code="z">Asia</subfield>
   <subfield code="v">Congresses.</subfield>
  </datafield>
  <datafield tag="650" ind1=" " ind2="0">
   <subfield code="a">Engineering</subfield>
   <subfield code="x">Study and teaching</subfield>
   <subfield code="z">Pacific Area</subfield>
   <subfield code="v">Congresses.</subfield>
  </datafield>
  <datafield tag="658" ind1=" " ind2=" ">
   <subfield code="a">Methods engineering</subfield>
   <subfield code="c">IE32</subfield>
   <subfield code="2">College of Engineering, University of the Philippines Diliman.</subfield>
  </datafield>
  <datafield tag="658" ind1=" " ind2=" ">
   <subfield code="a">Industrial systems design</subfield>
   <subfield code="c">IE 155</subfield>
   <subfield code="2">College of Engineering, University of the Philippines Diliman.</subfield>
  </datafield>
  <datafield tag="700" ind1="1" ind2=" ">
   <subfield code="a">Hancock, G. E</subfield>
   <subfield code="e">editor.</subfield>
  </datafield>
  <datafield tag="700" ind1="1" ind2=" ">
   <subfield code="a">Mwaba, C.C.</subfield>
   <subfield code="e">editor.</subfield>
  </datafield>
  <datafield tag="710" ind1="2" ind2=" ">
   <subfield code="a">PNG University of Technology.</subfield>
   <subfield code="b">Department of Mining Engineering.</subfield>
  </datafield>
  <datafield tag="710" ind1="2" ind2=" ">
   <subfield code="a">Association for Engineering Education in Southeast Asia and the Pacific.</subfield>
  </datafield>
  <datafield tag="842" ind1=" " ind2=" ">
   <subfield code="a">Book</subfield>
  </datafield>
  <datafield tag="905" ind1=" " ind2=" ">
   <subfield code="a">F0</subfield>
  </datafield>
  <datafield tag="852" ind1="0" ind2=" ">
   <subfield code="a">UPD</subfield>
   <subfield code="b">DENG</subfield>
   <subfield code="h">T 62</subfield>
   <subfield code="i">C64 1994</subfield>
  </datafield>
  <datafield tag="942" ind1=" " ind2=" ">
   <subfield code="a">Book</subfield>
  </datafield>
 </record>
</collection>
